00961nam a2200217 a 450000100100000000500170001000800410002702000180006804000250008610000310011124500710014225000110021326000360022430000270026050000700028750000420035795201110039995201050051095201110061599900170072600003847920201002031256.0130412s2011 dr ac 000 0 spa d a9789945454260 aDO-SdBNPbspacBNPHU1 aReynoso, Fernándo92616110aJuan Payán :bde diez centavos al éxito /cFernándo Reynoso. a2a ed. aSanto Domingo :b[s.l.],c2011. a157 p. :bils., retrs. aIncluye datos biográficos del autor en la solapa de la cubierta aIncluye notas al pie de las páginas 0010718DSaGRbGRcCTd2013-04-12iLF1l0o p38479-30r2020-06-25te. 3w2020-06-25yLFDSZNo se presta 0010718PDaPDbPDcCTd2013-04-12iLF1l0o p38479-10r2020-06-25w2020-06-25yLFPDZNo se presta 0010718PDaPDbPDcCTd2013-04-12iLF1l0o p38479-20r2020-06-25te. 2w2020-06-25yLFPDZNo se presta c37969d37969